INDIA NEEDS GST (Record no. 28573)

MARC details
000 -LEADER
fixed length control field 00311nam a22001337a 4500
003 - CONTROL NUMBER IDENTIFIER
control field SGT
020 ## - INTERNATIONAL STANDARD BOOK NUMBER
International Standard Book Number 9789351439042
082 ## - DEWEY DECIMAL CLASSIFICATION NUMBER
Classification number 336.27815
Item number RAS
100 ## - MAIN ENTRY--PERSONAL NAME
Personal name RASTOGI ABHISHEK
245 ## - TITLE STATEMENT
Title INDIA NEEDS GST
Remainder of title POLITICS OVER ECONOMICS
260 ## - PUBLICATION, DISTRIBUTION, ETC. (IMPRINT)
Place of publication, distribution, etc GURUGRAM
Name of publisher, distributor, etc LEXIS NEXIS
Year of Publication 2016
300 ## - PAGE DESCRIPTION
No. of Pages 703
942 ## - ADDED ENTRY ELEMENTS (KOHA)
Source of classification or shelving scheme Dewey Decimal Classification
Koha item type Books
Holdings
Withdrawn status Lost status Source of classification or shelving scheme Damaged status Not for loan Collection code Home library Current library Shelving location Date acquired Cost, normal purchase price SGTU Full call number Accession No. (Barcode) Date last seen Bill Date Koha item type
    Dewey Decimal Classification     LAW SGT Science & Social Sciences Library SGT Science & Social Sciences Library Text Book 31/12/2024 695.00 SGTU 336.27815 RAS FL3794 31/12/2024 31/12/2024 Books